000 00349nam a22001217a 4500
040 _cHS
082 _a581
100 _aហ៊ីង ធីតា
245 _aPlant physiology :សរីរះវិទ្យានៃកោសិការុក្ខជាតិ
260 _aRUA
_bហ៊ីង ធីតា
_c2008
300 _a44p;
942 _cKB
999 _c10268
_d10268